In search of science. Method and madness /

A look at Isaac Newton, a complex man who happily undermined his rivals and jealously guarded his secrets.

Bibliographic Details
Other Authors: Edwards, Rebecca (Television producer) (Director, Producer)
Format: Video
Language:English
Language Notes:In English.
Published: London, England : BBC Worldwide, 2013.
Series:Academic Video Online
Subjects:
Online Access:Connect to this streaming video (Alexander Street Press)

MARC

Tag First Indicator Second Indicator Subfields
LEADER 00000cgm a2200000Mi 4500
001 in00005578921
006 m o c
007 cr |n||||||||a
007 vz |za|z|
008 210708s2013 enk052 e o vneng d
005 20241201232542.3
035 |a (OCoLC)on1264102510 
040 |a ALSTP  |b eng  |e rda  |c ALSTP  |d OCLCO  |d OCLCF  |d OCLCO  |d OCLCL  |d OCLCQ  |d NUI 
019 |a 1373522883  |a 1430850204  |a 1444016017 
035 |a (OCoLC)1264102510  |z (OCoLC)1373522883  |z (OCoLC)1430850204  |z (OCoLC)1444016017 
049 |a TXAM 
245 0 0 |a In search of science.  |p Method and madness /  |c produced & directed by Rebecca Edwards ; BBC Productions. 
264 1 |a London, England :  |b BBC Worldwide,  |c 2013. 
300 |a 1 online resource (52 minutes) 
306 |a 005148 
336 |a two-dimensional moving image  |b tdi  |2 rdacontent 
337 |a computer  |b c  |2 rdamedia 
337 |a video  |b v  |2 rdamedia 
338 |a online resource  |b cr  |2 rdacarrier 
347 |a video file  |2 rda 
490 0 |a Academic Video Online 
500 |a Title from resource description page (viewed July 08, 2021). 
511 0 |a Presented by Professor Brian Cox. 
520 |a A look at Isaac Newton, a complex man who happily undermined his rivals and jealously guarded his secrets. 
546 |a In English. 
600 1 0 |a Newton, Isaac,  |d 1642-1727. 
600 1 7 |a Newton, Isaac,  |d 1642-1727.  |2 fast  |0 (OCoLC)fst01801333  |1 https://id.oclc.org/worldcat/entity/E39PBJk93d6bYmhP6RHXDkQcyd 
650 0 |a Science  |z Great Britain  |x History. 
650 0 |a Scientists  |z Great Britain. 
650 0 |a Science. 
650 0 |a Physics. 
650 2 |a Science 
650 2 |a Physics 
650 6 |a Sciences  |z Grande-Bretagne  |x Histoire. 
650 6 |a Sciences. 
650 6 |a Physique. 
650 7 |a Physics.  |2 fast  |0 (OCoLC)fst01063025 
650 7 |a Science.  |2 fast  |0 (OCoLC)fst01108176 
650 7 |a Scientists.  |2 fast  |0 (OCoLC)fst01108895 
651 7 |a Great Britain.  |2 fast  |0 (OCoLC)fst01204623  |1 https://id.oclc.org/worldcat/entity/E39PBJdmp7p3cx8hpmJ8HvmTpP 
655 7 |a Documentary television programs.  |2 fast  |0 (OCoLC)fst01710387 
655 7 |a History.  |2 fast  |0 (OCoLC)fst01411628 
655 7 |a Science television programs.  |2 fast  |0 (OCoLC)fst01726240 
655 7 |a Documentary television programs.  |2 lcgft 
655 7 |a Science television programs.  |2 lcgft 
655 7 |a Documentaires télévisés.  |2 rvmgf 
655 7 |a Émissions scientifiques télévisées.  |2 rvmgf 
700 1 |a Edwards, Rebecca  |c (Television producer),  |e director,  |e producer. 
710 2 |a BBC Productions,  |e production company. 
710 2 |a BBC Worldwide Ltd.,  |e film distributor. 
758 |i has work:  |a Method and madness In search of science (MovingImage)  |1 https://id.oclc.org/worldcat/entity/E39PCH4YtjF8cFHP6Jyd7rCBpq  |4 https://id.oclc.org/worldcat/ontology/hasWork 
856 4 0 |u http://proxy.library.tamu.edu/login?url=https://www.aspresolver.com/aspresolver.asp?MARC;5125429  |z Connect to this streaming video (Alexander Street Press)  |t 0 
955 |a Alexander Street Press subscription streaming video 
994 |a 92  |b TXA 
999 f f |s 385eb5d9-a4b8-4d00-9a1d-2f2b211b5f7f  |i acc754ae-92a1-4ae4-8bd1-0d035b6213a5  |t 0 
952 f f |a Texas A&M University  |b College Station  |c Electronic Resources  |d Available Online  |t 0  |h Library of Congress classification 
998 f f |t 0  |l Available Online